Historia del Teatro Chileno

Historia del Teatro Chileno constituye no solo una panorámica necesaria, informada, amena y crítica sobre la trayectoria del arte dramático nacional, sino también un testimonio de quien, desde el último tercio del siglo XX, es un actor de aquel medio, desde la condición de estudiante, académico, inv...

Full description

Bibliographic Details
Main Author: Latorre Vásquez, Remberto 1939-
Format: Libro
Language:Spanish
Published: Chillan Viejo: Ediciones Investigación Cultural y Desarrollo, Museo Adriana Vásquez Román de Rengo, 2017.
Series:Elefante
Subjects:
Online Access:

MARC

LEADER 00000cam a22000007a 4500
003 UAHC
005 20180829172710.0
008 180824s2017 cl ||||| |||| 00| 0 spa d
952 |0 0  |1 0  |2 ddc  |4 0  |6 792_098300000000000_LAT  |7 0  |8 COMP  |9 90496  |a BS  |b BS  |c General  |d 2018-08-27  |e Donación  |g 6000.00  |l 7  |m 6  |o 792.0983 LAT  |p 1443136  |r 2025-11-26 00:00:00  |s 2024-09-25  |t c.1  |v 6000.00  |w 2018-08-27  |y BK  |B TEATRO 
952 |0 0  |1 0  |2 ddc  |4 0  |6 792_098300000000000_LAT  |7 0  |8 COMP  |9 90497  |a BS  |b BS  |c General  |d 2018-08-27  |e Donación  |g 6000.00  |l 2  |m 2  |o 792.0983 LAT  |p 1443137  |r 2025-11-26 00:00:00  |s 2024-09-25  |t c.2  |v 6000.00  |w 2018-08-27  |y BK  |B TEATRO 
999 |c 51065  |d 51065 
020 |a 9789569159176 
035 |a ARTES 
040 |a UAHC_CL  |c UAHC_CL  |d UAHC_CL 
082 |2 21  |b L358  |a 792.083 
100 |9 4592  |a Latorre Vásquez, Remberto  |d 1939- 
245 |a Historia del Teatro Chileno  |c Remberto Latorre Vásquez. 
260 |a Chillan Viejo:  |b Ediciones Investigación Cultural y Desarrollo,  |b Museo Adriana Vásquez Román de Rengo,  |c 2017. 
300 |a v. 
440 |9 4593  |a Elefante 
505 |a v.1. Hasta el año 2010 -- v. 2. Hasta el año 2010. 
520 |a Historia del Teatro Chileno constituye no solo una panorámica necesaria, informada, amena y crítica sobre la trayectoria del arte dramático nacional, sino también un testimonio de quien, desde el último tercio del siglo XX, es un actor de aquel medio, desde la condición de estudiante, académico, investigador, dramaturgo y diseñador teatral: Remberto Latorre Vásquez. Constituida en dos tomos, en la primera entrega, su autor nos expone los albores del arte teatral nacional, su camino a la profesionalización y consolidación (no exento de bemoles y precariedades), y su incipiente institucionalización al alero de la Universidad de Chile, suerte de piedra angular de la actividad en el país. En el segundo tomo, el autor continúa revisando la trayectoria de las compañías teatrales universitarias chilenas (en el tomo I ya se analizó el quehacer de la Universidad de Chile); como también el legado de compañías independientes, sin descuidar los aportes del diseño teatral, teoría, dramaturgia y la crítica especializada nacionales. Así mismo, se atiende la fuerte presencia del posmodernismo en las propuestas dramáticas desde el siglo XX y se realiza un completo análisis de los primeros 10 años del siglo XXI, entre otras materias. 
600 0 |9 4592  |a Latorre Vásquez, Remberto  |d 1939- 
650 0 |9 2916  |a  Teatro  |x Historia  |z Chile 
942 |2 ddc  |c BK